Proyecto recinto universitario Rubén Darío
Presenta un estudio para la construcción de una etapa en el Recinto Rubén Darío que permita atender a 8000 estudiantes.
| Main Author: | |
|---|---|
| Other Authors: | |
| Format: | Tesis Section = Libro |
| Language: | Undetermined Spanish |
| Published: |
Managua
Universidad Nacional Autónoma de Nicaragua (UNAN)
[s.f.]
|
| Subjects: |
| LEADER | 00812nam a2200205Ia 4500 | ||
|---|---|---|---|
| 008 | 240830s9999 xx 000 0 und d | ||
| 040 | |a BIBLIOTECA-RUSB/ Mon 711 N582 | ||
| 041 | |a spa | ||
| 082 | |a Mon 711 N582 | ||
| 100 | 1 | |a Universidad Nacional Autónoma de Nicaragua | |
| 245 | 1 | 0 | |a Proyecto recinto universitario Rubén Darío |
| 260 | |a Managua |b Universidad Nacional Autónoma de Nicaragua (UNAN) |c [s.f.] | ||
| 300 | |a p. irreg. :il. | ||
| 502 | |a Tesis (Otros) - Universidad Nacional Autónoma de Nicaragua (UNAN), [s.f]. | ||
| 520 | 3 | |a Presenta un estudio para la construcción de una etapa en el Recinto Rubén Darío que permita atender a 8000 estudiantes. | |
| 650 | 7 | |a URBANISMO (PLANIFCACION DEL ESPACIO) | |
| 700 | 1 | |a Tutor: |b Currie, Leonard J. | |
| 942 | |c BK |2 ddc | ||
| 991 | |a TESIS | ||
| 999 | |c 20844 | ||